Collaborative planning, forecasting, and replenishment : how to create a supply chain advantage

Saved in:
Bibliographic Details
Main Author: Seifert, Dirk
Format: Book
Language:English
Published: New York : AMACOM, c2003
Subjects:
Tags: Add Tag
No Tags, Be the first to tag this record!

MARC

LEADER 00000cam a2200000 i 4500
001 1/65699
008 041116s2003 eng d
020 |a 0-8144-7182-X (hbk.) 
035 |l 10075263 
040 |a GR-MY-UA  |b gre  |e aacr 
041 0 |a eng 
082 0 |a 658.5  |2 (21) 
100 1 |a Seifert, Dirk. 
245 1 0 |a Collaborative planning, forecasting, and replenishment :  |b how to create a supply chain advantage /  |c Dirk Seifert 
260 |a New York :   |b AMACOM,   |c c2003 
300 |a xx, 411 σ.;  |b εικ.;  |c 24 εκ. 
504 |a Περιλαμβάνει βιβλιογραφία και ευρετήριο 
650 0 0 |a Business logistics. 
852 |a INST  |b CHIOS  |e 20041116  |h 658.5 SEI  |p 005200022697  |q 005200022697  |t BK  |y 0 
901 |a BIBL2-2004-3 
909 |a Χ  |b 113229 
922 |a 2ΕΛΗ  |b 200408  |c ΤΔΕ  |d Μιχαλόπουλος 
950 |a 112-2004-06-11 
970 |a Σπέντζα  |b Ελένη  |z 2004/11/30